00677nam a22001577a 4500020001600000082001200016100001900028245017700047260003600224300002800260650004500288700002900333942001300362999001900375952012500394 qHard Cover. a620.005 aAkram, Sehrish aA comparative analysis of organizational effectiveness via creativity and innovation in public and private sectors of technical organizations in Pakistan /cSehrish Akram. aIslamabad:bCEME - NUST,c2013. a166 p. :bill. ;c30cm. aEngineering Management MS-Thesis.916065 aDr. Shoab A. Khan918474 2ddccTHE c540702d540702 00102ddc406620_005000000000000709500465aCLbCLcTHEd2020-11-03l0o620.005pCL-T-770r2020-11-03w2020-11-03yTHE